<?xml version="1.0" encoding="UTF-8"?>
<record
    xmlns:xsi="http://www.w3.org/2001/XMLSchema-instance"
    xsi:schemaLocation="http://www.loc.gov/MARC21/slim http://www.loc.gov/standards/marcxml/schema/MARC21slim.xsd"
    xmlns="http://www.loc.gov/MARC21/slim">

  <leader>01097nam a22002417a 4500</leader>
  <datafield tag="999" ind1=" " ind2=" ">
    <subfield code="c">82007</subfield>
    <subfield code="d">319284</subfield>
  </datafield>
  <controlfield tag="003">OSt</controlfield>
  <controlfield tag="005">20220830165015.0</controlfield>
  <controlfield tag="008">220830b2015    jo ||||g |||| 00| 0 ara d</controlfield>
  <datafield tag="020" ind1=" " ind2=" ">
    <subfield code="a">9789957490799</subfield>
  </datafield>
  <datafield tag="040" ind1=" " ind2=" ">
    <subfield code="a">Ma-Un</subfield>
    <subfield code="c">Ma-Un</subfield>
  </datafield>
  <datafield tag="082" ind1=" " ind2=" ">
    <subfield code="2">21</subfield>
    <subfield code="a">025.04</subfield>
    <subfield code="b">&#x62F; &#x645; &#x62D; </subfield>
  </datafield>
  <datafield tag="100" ind1=" " ind2=" ">
    <subfield code="a">&#x627;&#x644;&#x62F;&#x628;&#x64A;&#x633;&#x60C; &#x645;&#x627;&#x62C;&#x62F; &#x645;&#x635;&#x637;&#x641;&#x649; &#x634;&#x627;&#x645;&#x627;&#x646;.</subfield>
    <subfield code="9">98832</subfield>
  </datafield>
  <datafield tag="245" ind1=" " ind2=" ">
    <subfield code="a">&#x62D;&#x648;&#x633;&#x628;&#x629; &#x627;&#x644;&#x645;&#x643;&#x62A;&#x628;&#x627;&#x62A; &#x648;&#x645;&#x631;&#x627;&#x643;&#x632; &#x627;&#x644;&#x645;&#x639;&#x644;&#x648;&#x645;&#x627;&#x62A; &#x648;&#x627;&#x633;&#x62A;&#x62E;&#x62F;&#x627;&#x645; &#x628;&#x631;&#x645;&#x62C;&#x64A;&#x629; Cds / Winisis &#x643;&#x62F;&#x644;&#x64A;&#x644; &#x639;&#x645;&#x644;&#x64A; &#x62A;&#x637;&#x628;&#x64A;&#x642;&#x64A; / </subfield>
    <subfield code="c">&#x645;&#x627;&#x62C;&#x62F; &#x645;&#x635;&#x637;&#x641;&#x649; &#x634;&#x627;&#x645;&#x627;&#x646; &#x627;&#x644;&#x62F;&#x628;&#x64A;&#x633;.</subfield>
  </datafield>
  <datafield tag="246" ind1="3" ind2="4">
    <subfield code="a">&#x62D;&#x648;&#x633;&#x628;&#x629; &#x627;&#x644;&#x645;&#x643;&#x62A;&#x628;&#x627;&#x62A; &#x648;&#x645;&#x631;&#x627;&#x643;&#x632; &#x627;&#x644;&#x645;&#x639;&#x644;&#x648;&#x645;&#x627;&#x62A; &#x648;&#x627;&#x633;&#x62A;&#x62E;&#x62F;&#x627;&#x645; &#x628;&#x631;&#x645;&#x62C;&#x64A;&#x629; Cds / Winisis</subfield>
  </datafield>
  <datafield tag="250" ind1=" " ind2=" ">
    <subfield code="a">&#x637;. 1.</subfield>
  </datafield>
  <datafield tag="260" ind1=" " ind2=" ">
    <subfield code="a">&#x639;&#x645;&#x627;&#x646;&#x60C; &#x627;&#x644;&#x623;&#x631;&#x62F;&#x646; :</subfield>
    <subfield code="b"> &#x62F;&#x627;&#x631; &#x627;&#x644;&#x645;&#x639;&#x62A;&#x632; &#x644;&#x644;&#x646;&#x634;&#x631; &#x648;&#x627;&#x644;&#x62A;&#x648;&#x632;&#x64A;&#x639;&#x60C; </subfield>
    <subfield code="c">2015</subfield>
    <subfield code="m">1436 </subfield>
  </datafield>
  <datafield tag="300" ind1=" " ind2=" ">
    <subfield code="a">226 &#x635;. : </subfield>
    <subfield code="b">&#x627;&#x64A;&#x636;. &#x61B; </subfield>
    <subfield code="c">24 &#x633;&#x645;. </subfield>
  </datafield>
  <datafield tag="504" ind1=" " ind2=" ">
    <subfield code="a">&#x64A;&#x634;&#x62A;&#x645;&#x644; &#x639;&#x644;&#x649; &#x642;&#x627;&#x626;&#x645;&#x629; &#x628;&#x628;&#x644;&#x64A;&#x648;&#x62C;&#x631;&#x627;&#x641;&#x64A;&#x629;.</subfield>
  </datafield>
  <datafield tag="650" ind1=" " ind2=" ">
    <subfield code="a">&#x627;&#x644;&#x645;&#x643;&#x62A;&#x628;&#x627;&#x62A;.</subfield>
    <subfield code="x">&#x623;&#x62A;&#x645;&#x62A;&#x629;.</subfield>
    <subfield code="9">99522</subfield>
  </datafield>
  <datafield tag="650" ind1=" " ind2=" ">
    <subfield code="a">&#x645;&#x631;&#x627;&#x643;&#x632; &#x627;&#x644;&#x645;&#x639;&#x644;&#x648;&#x645;&#x627;&#x62A;.</subfield>
    <subfield code="x">&#x623;&#x62A;&#x645;&#x62A;&#x629;.</subfield>
    <subfield code="9">99523</subfield>
  </datafield>
  <datafield tag="650" ind1=" " ind2=" ">
    <subfield code="a">&#x627;&#x644;&#x645;&#x639;&#x644;&#x648;&#x645;&#x627;&#x62A;.</subfield>
    <subfield code="x">&#x62A;&#x646;&#x638;&#x64A;&#x645;.</subfield>
    <subfield code="9">99524</subfield>
  </datafield>
  <datafield tag="942" ind1=" " ind2=" ">
    <subfield code="2">ddc</subfield>
    <subfield code="c">BOOK</subfield>
  </datafield>
  <datafield tag="952" ind1=" " ind2=" ">
    <subfield code="1">0</subfield>
    <subfield code="2">2022-08-31</subfield>
    <subfield code="4">0</subfield>
    <subfield code="7">1</subfield>
    <subfield code="U">2022-08-31</subfield>
    <subfield code="a">025.04 &#x62F; &#x645; &#x62D;</subfield>
    <subfield code="d">2022-08-31</subfield>
    <subfield code="h">CL</subfield>
    <subfield code="i">00191600</subfield>
    <subfield code="m">CL</subfield>
    <subfield code="r">2022-08-31 00:00:00</subfield>
    <subfield code="t">BOOK</subfield>
    <subfield code="w">ddc</subfield>
    <subfield code="y">0</subfield>
  </datafield>
  <datafield tag="952" ind1=" " ind2=" ">
    <subfield code="1">0</subfield>
    <subfield code="2">2022-08-31</subfield>
    <subfield code="4">0</subfield>
    <subfield code="7">0</subfield>
    <subfield code="U">2022-08-31</subfield>
    <subfield code="a">025.04 &#x62F; &#x645; &#x62D;</subfield>
    <subfield code="d">2022-08-31</subfield>
    <subfield code="h">CL</subfield>
    <subfield code="i">00191601</subfield>
    <subfield code="m">CL</subfield>
    <subfield code="r">2022-08-31 00:00:00</subfield>
    <subfield code="t">BOOK</subfield>
    <subfield code="w">ddc</subfield>
    <subfield code="y">0</subfield>
  </datafield>
  <datafield tag="952" ind1=" " ind2=" ">
    <subfield code="1">0</subfield>
    <subfield code="2">2022-08-31</subfield>
    <subfield code="4">0</subfield>
    <subfield code="7">0</subfield>
    <subfield code="U">2022-08-31</subfield>
    <subfield code="a">025.04 &#x62F; &#x645; &#x62D;</subfield>
    <subfield code="d">2022-08-31</subfield>
    <subfield code="h">CL</subfield>
    <subfield code="i">00191602</subfield>
    <subfield code="m">CL</subfield>
    <subfield code="r">2022-08-31 00:00:00</subfield>
    <subfield code="t">BOOK</subfield>
    <subfield code="w">ddc</subfield>
    <subfield code="y">0</subfield>
  </datafield>
  <datafield tag="952" ind1=" " ind2=" ">
    <subfield code="1">0</subfield>
    <subfield code="2">2022-08-31</subfield>
    <subfield code="4">0</subfield>
    <subfield code="7">1</subfield>
    <subfield code="U">2022-08-31</subfield>
    <subfield code="a">025.04 &#x62F; &#x645; &#x62D;</subfield>
    <subfield code="d">2022-08-31</subfield>
    <subfield code="h">IC</subfield>
    <subfield code="i">00191603</subfield>
    <subfield code="m">IC</subfield>
    <subfield code="r">2022-08-31 00:00:00</subfield>
    <subfield code="t">BOOK</subfield>
    <subfield code="w">ddc</subfield>
    <subfield code="y">0</subfield>
  </datafield>
  <datafield tag="952" ind1=" " ind2=" ">
    <subfield code="1">0</subfield>
    <subfield code="2">2022-08-31</subfield>
    <subfield code="4">0</subfield>
    <subfield code="7">0</subfield>
    <subfield code="U">2022-08-31</subfield>
    <subfield code="a">025.04 &#x62F; &#x645; &#x62D;</subfield>
    <subfield code="d">2022-08-31</subfield>
    <subfield code="h">IC</subfield>
    <subfield code="i">00191604</subfield>
    <subfield code="m">IC</subfield>
    <subfield code="r">2022-08-31 00:00:00</subfield>
    <subfield code="t">BOOK</subfield>
    <subfield code="w">ddc</subfield>
    <subfield code="y">0</subfield>
  </datafield>
  <datafield tag="952" ind1=" " ind2=" ">
    <subfield code="1">0</subfield>
    <subfield code="2">2022-08-31</subfield>
    <subfield code="4">0</subfield>
    <subfield code="7">1</subfield>
    <subfield code="U">2022-08-31</subfield>
    <subfield code="a">025.04 &#x62F; &#x645; &#x62D;</subfield>
    <subfield code="d">2022-08-31</subfield>
    <subfield code="h">IC</subfield>
    <subfield code="i">00191605</subfield>
    <subfield code="m">IC</subfield>
    <subfield code="r">2022-08-31 00:00:00</subfield>
    <subfield code="t">BOOK</subfield>
    <subfield code="w">ddc</subfield>
    <subfield code="y">0</subfield>
  </datafield>
  <datafield tag="952" ind1=" " ind2=" ">
    <subfield code="1">0</subfield>
    <subfield code="2">2022-08-31</subfield>
    <subfield code="4">0</subfield>
    <subfield code="7">0</subfield>
    <subfield code="U">2022-08-31</subfield>
    <subfield code="a">025.04 &#x62F; &#x645; &#x62D;</subfield>
    <subfield code="d">2022-08-31</subfield>
    <subfield code="h">IC</subfield>
    <subfield code="i">00191606</subfield>
    <subfield code="m">IC</subfield>
    <subfield code="r">2022-08-31 00:00:00</subfield>
    <subfield code="t">BOOK</subfield>
    <subfield code="w">ddc</subfield>
    <subfield code="y">0</subfield>
  </datafield>
  <datafield tag="952" ind1=" " ind2=" ">
    <subfield code="1">0</subfield>
    <subfield code="2">2022-08-31</subfield>
    <subfield code="4">0</subfield>
    <subfield code="7">1</subfield>
    <subfield code="U">2022-08-31</subfield>
    <subfield code="a">025.04 &#x62F; &#x645; &#x62D;</subfield>
    <subfield code="d">2022-08-31</subfield>
    <subfield code="h">SRF</subfield>
    <subfield code="i">00191607</subfield>
    <subfield code="m">SRF</subfield>
    <subfield code="r">2022-08-31 00:00:00</subfield>
    <subfield code="t">BOOK</subfield>
    <subfield code="w">ddc</subfield>
    <subfield code="y">0</subfield>
  </datafield>
  <datafield tag="952" ind1=" " ind2=" ">
    <subfield code="1">0</subfield>
    <subfield code="2">2022-08-31</subfield>
    <subfield code="4">0</subfield>
    <subfield code="7">0</subfield>
    <subfield code="U">2022-08-31</subfield>
    <subfield code="a">025.04 &#x62F; &#x645; &#x62D;</subfield>
    <subfield code="d">2022-08-31</subfield>
    <subfield code="h">SRF</subfield>
    <subfield code="i">00191608</subfield>
    <subfield code="m">SRF</subfield>
    <subfield code="r">2022-08-31 00:00:00</subfield>
    <subfield code="t">BOOK</subfield>
    <subfield code="w">ddc</subfield>
    <subfield code="y">0</subfield>
  </datafield>
  <datafield tag="952" ind1=" " ind2=" ">
    <subfield code="1">0</subfield>
    <subfield code="2">2022-08-31</subfield>
    <subfield code="4">0</subfield>
    <subfield code="7">1</subfield>
    <subfield code="U">2022-08-31</subfield>
    <subfield code="a">025.04 &#x62F; &#x645; &#x62D;</subfield>
    <subfield code="d">2022-08-31</subfield>
    <subfield code="h">SRM</subfield>
    <subfield code="i">00191609</subfield>
    <subfield code="m">SRM</subfield>
    <subfield code="r">2022-08-31 00:00:00</subfield>
    <subfield code="t">BOOK</subfield>
    <subfield code="w">ddc</subfield>
    <subfield code="y">0</subfield>
  </datafield>
  <datafield tag="952" ind1=" " ind2=" ">
    <subfield code="1">0</subfield>
    <subfield code="2">2022-08-31</subfield>
    <subfield code="4">0</subfield>
    <subfield code="7">0</subfield>
    <subfield code="U">2022-08-31</subfield>
    <subfield code="a">025.04 &#x62F; &#x645; &#x62D;</subfield>
    <subfield code="d">2022-08-31</subfield>
    <subfield code="h">SRM</subfield>
    <subfield code="i">00191610</subfield>
    <subfield code="m">SRM</subfield>
    <subfield code="r">2022-08-31 00:00:00</subfield>
    <subfield code="t">BOOK</subfield>
    <subfield code="w">ddc</subfield>
    <subfield code="y">0</subfield>
  </datafield>
  <datafield tag="952" ind1=" " ind2=" ">
    <subfield code="1">0</subfield>
    <subfield code="2">2022-08-31</subfield>
    <subfield code="4">0</subfield>
    <subfield code="7">1</subfield>
    <subfield code="U">2022-08-31</subfield>
    <subfield code="a">025.04 &#x62F; &#x645; &#x62D;</subfield>
    <subfield code="d">2022-08-31</subfield>
    <subfield code="h">IC</subfield>
    <subfield code="i">00191611</subfield>
    <subfield code="m">IC</subfield>
    <subfield code="r">2022-08-31 00:00:00</subfield>
    <subfield code="t">BOOK</subfield>
    <subfield code="w">ddc</subfield>
    <subfield code="y">0</subfield>
  </datafield>
  <datafield tag="952" ind1=" " ind2=" ">
    <subfield code="1">0</subfield>
    <subfield code="2">2022-08-31</subfield>
    <subfield code="4">0</subfield>
    <subfield code="7">0</subfield>
    <subfield code="U">2022-08-31</subfield>
    <subfield code="a">025.04 &#x62F; &#x645; &#x62D;</subfield>
    <subfield code="d">2022-08-31</subfield>
    <subfield code="h">IC</subfield>
    <subfield code="i">00191612</subfield>
    <subfield code="m">IC</subfield>
    <subfield code="r">2022-08-31 00:00:00</subfield>
    <subfield code="t">BOOK</subfield>
    <subfield code="w">ddc</subfield>
    <subfield code="y">0</subfield>
  </datafield>
  <datafield tag="952" ind1=" " ind2=" ">
    <subfield code="1">0</subfield>
    <subfield code="2">2022-08-31</subfield>
    <subfield code="4">0</subfield>
    <subfield code="7">1</subfield>
    <subfield code="U">2022-08-31</subfield>
    <subfield code="a">025.04 &#x62F; &#x645; &#x62D;</subfield>
    <subfield code="d">2022-08-31</subfield>
    <subfield code="h">IC</subfield>
    <subfield code="i">00191613</subfield>
    <subfield code="m">IC</subfield>
    <subfield code="r">2022-08-31 00:00:00</subfield>
    <subfield code="t">BOOK</subfield>
    <subfield code="w">ddc</subfield>
    <subfield code="y">0</subfield>
  </datafield>
  <datafield tag="952" ind1=" " ind2=" ">
    <subfield code="1">0</subfield>
    <subfield code="2">2022-08-31</subfield>
    <subfield code="4">0</subfield>
    <subfield code="7">0</subfield>
    <subfield code="U">2022-08-31</subfield>
    <subfield code="a">025.04 &#x62F; &#x645; &#x62D;</subfield>
    <subfield code="d">2022-08-31</subfield>
    <subfield code="h">IC</subfield>
    <subfield code="i">00191614</subfield>
    <subfield code="m">IC</subfield>
    <subfield code="r">2022-08-31 00:00:00</subfield>
    <subfield code="t">BOOK</subfield>
    <subfield code="w">ddc</subfield>
    <subfield code="y">0</subfield>
  </datafield>
</record>
